000 00730nam a2200205Ii 4500
003 JO-AjNU
008 230605s9999||||xx |||||||||||||| ||und||
040 _aJO-AjNU
_bara
_erda
_cJO-AjNU
041 _aara
050 1 4 _aKRM2450.T3549.1900
100 3 _aالطماوي، سليمان محمد سليمان,
_eauthor
_944159
245 0 0 _aالقضاء الإداري : قضاء الإلغاء
250 _aط7
264 3 1 _aالقاهرة : دار الفكر العربى ، 1900
300 _a916ص
336 _atext
_btxt
_2rdacontent
337 _aunmediated
_bn
_2rdamedia
338 _avolume
_bnc
_2rdacarrier
650 4 _aالقضاء الاداري -- قوانين وتشريعات -- قضاء الإلغاء
_944160
999 _aA19043
_c22611
_d22611